Geography Quizhanger #8 - Statistics

General Stats
  • This quiz has been taken 905 times
  • The average score is 8 of 11
Answer Stats
Clue Answer % Correct
Most spoken language in the middle east (A)rabic
94%
US state whose capital is Carson City (N)evada
81%
Country whose capital is Managua (N)icaragua
81%
Southeast Asian country preparing to move its capital to a soon-to-be-built city on the island of ‘Kalimantan’ (that’s the local name of the island) (I)ndonesia
79%
Capital of the US state of Kansas (T)opeka
76%
Capital of Eritrea (A)smara
70%
Currency of China (Y)uan
70%
Historical french region called Elsass in German (A)lsace
68%
Country that recently changed the name of its capital to its former leader (K)azakhstan
61%
LAKE Tanganyika
55%
Surname of the man whom Kiribati was named for (G)ilbert
50%
No matching quizzes found
Score Distribution
Percent of People with Each Score
Percentile by Number Answered
Your Score History
You have not taken this quiz